Тестове по български език (Запис номер 24905)
[ съкратено ]
| 000 -Лидер | |
|---|---|
| Контролно поле с фиксирана дължина | 02213nam a2200409 c 4500 |
| 003 - Код на организацията, давaща контролен номер | |
| Контролно поле | BLK |
| 005 - Дата и час на последна редакция | |
| Контролно поле | 20240620093302.0 |
| 008 - Елементи от данни с фиксирана дължина | |
| fixed length control field | 180413b bul|||||r ||||||| ||bul|| |
| 010 ## - Наследен системен номер | |
| LC control number | KNG00027433000 |
| 020 ## - Международен стандартен номер на книга ISBN | |
| Международен стандартен номер на книга ISBN | 954-18-0153-6 |
| -- | издат.: Булвест 2000 |
| 040 ## - Източник на каталожния запис | |
| Идентификатор на билиотеката - собственик на записа | BLK |
| 041 ## - Код за език | |
| Код за езика на текст/звукозапис или на отделно заглавие | Български |
| Код за езика КДБФ | Български |
| 080 ## - УДК | |
| Текстов определител УДК | Български език в основното училище. Методика на обучението |
| УДК код - определител по УДК | 373.3.016:811.163.2 |
| УДК определител | (079)(075.2) |
| УДК - код + определител | 373.3.016:811.163.2(079)(075.2) |
| 100 1# - Редна дума - Автор | |
| Автор | Димчев, Кирил Василев |
| Авторска отговорност | първи автор |
| R(LIN) | 365413 |
| 139 ## - Редно поле | |
| Редна дума | Тестове по български език |
| Авторски знак | Тер - Т 53 |
| 245 10 - Сведения за заглавието | |
| Заглавие | Тестове по български език |
| Подзаглавни данни | За завършено осн. образование V-VІІІ кл. |
| Редно поле (дума) | Кирил Василев Димчев; Андриана Данаилова Матеева; Ангел Маринов Петров; Татяна Гаврилова Ангелова; Антония Димитрова Радкова. |
| 250 ## - Област на изданието | |
| Сведения за изданието | 3. прераб. и доп. изд. |
| 257 ## - Страна на издаване | |
| Страна на създаване/издаване | България |
| 260 ## - Област на издателските данни | |
| -- | София |
| Име на издателя, разпространителя и проч. | Булвест 2000 |
| Година на издаване | 1999 |
| Печатница | Пловдив : Полиграфия ЕАД |
| 300 ## - Физическа характеристика | |
| Страници | 192 с. |
| Размери/Мащаб | 21 см |
| 380 ## - Жанр | |
| Жанр | Обществени науки |
| 500 ## - Общи забележки | |
| Забележка | Други авт. : А. Матеева, А. Петров, Т. Ангелова, А. Радкова. - 1. изд. 1994 на изд. Хр. Ботев. - Офс. изд. - 500 тир. |
| 650 #4 - Допълнително описание по предмет – тема | |
| Основно описание – тема или топоним | Български език - тестове - учебни помагала |
| 9 (RLIN) | 244102 |
| 653 ## - Ключова дума – ненормативна | |
| Ключова дума | тестове |
| 653 ## - Ключова дума – ненормативна | |
| Ключова дума | български език |
| 653 ## - Ключова дума – ненормативна | |
| Ключова дума | V кл. - VІІІ кл. |
| 700 1# - Други автори (авторска отговорност) | |
| Лично име | Матеева, Андриана Данаилова |
| 9 (RLIN) | 364574 |
| 700 ## - Други автори (авторска отговорност) | |
| Лично име | Петров, Ангел Маринов |
| 9 (RLIN) | 364191 |
| 700 1# - Други автори (авторска отговорност) | |
| Лично име | Ангелова, Татяна Гаврилова |
| 9 (RLIN) | 364575 |
| 700 1# - Други автори (авторска отговорност) | |
| Лично име | Радкова, Антония Димитрова |
| Дати, свързани с автора | 1964 - |
| Друга информация | руска и английска филология |
| 9 (RLIN) | 114217 |
| 852 ## - Местоположение | |
| Форматна сигнатура | Цб 200360 |
| 856 4# - Електронен адрес и достъп | |
| Електронен формат | pdf - файл |
| Път до файла /url/ | |
| 856 4# - Електронен адрес и достъп | |
| Електронен формат | pdf - файл |
| Път до файла /url/ | |
| 942 ## - АРТИКУЛИ | |
| Вид на библиотечния материал | Книги |
| Скрит в OPAC | Не |
| 944 ## - СЪЗДАВАНЕ И РЕДАКЦИЯ на ЗАПИСА | |
| Създаване/Редакция | Създаване |
| Дата на регистрацията/редакция | 15.01.2003 |
| Служител, извършил регистрацията/редакцията | 30560 |
| Статус, дата на статуса | Геновева Генчева |
| 944 ## - СЪЗДАВАНЕ И РЕДАКЦИЯ на ЗАПИСА | |
| Създаване/Редакция | Редакция |
| Дата на регистрацията/редакция | 04.11.2008 |
| Служител, извършил регистрацията/редакцията | |
| 999 ## - СИСТЕМНИ КОНТРОЛНИ НОМЕРА | |
| Koha biblionumber | 24905 |
| Koha biblioitemnumber | 24905 |
| Код за отписване | Код за изгубен артикул | Източник на класификационната схема | Код за повреда | Коз за рестрикции | Код за отдаване | Артикулен № | Име на библиотеката - собственик | Име на библиотеката, в която се намира в момента | Статус (Текущо местоположение) | Дата на вписване в системата | Местоположение - отдел | Цена в лева | Инвентарен номер | Систематично азбучна сигнатура | Баркод | Номер на екземпляра | Цена в евро | Служебна бележка | Служебен тип на артикула |
|---|---|---|---|---|---|---|---|---|---|---|---|---|---|---|---|---|---|---|---|
| Не е изгубен | Universal Decimal Classification | Не е повреден | без рестрикции | ползва се в читалня | 40965 | Регионална библиотека "Любен Каравелов" Русе | Регионална библиотека "Любен Каравелов" Русе | Хранилище | 2001-01-01 | Хранилище | 2.00 | 647923 | Цб 200360 | 120000647923 | 1 | 1.02 | Дост: Dp Вид: Д N: стар фонд Дата: 01.01.1999 | Книги | |
| Изтеглен | Не е изгубен | Universal Decimal Classification | Не е повреден | без рестрикции | заемане за дома | 40966 | Регионална библиотека "Любен Каравелов" Русе | Регионална библиотека "Любен Каравелов" Русе | Детски отдел | 2008-10-17 | Детски отдел | 4.00 | 120000730626 | ДН 372.88/Т 53 | 120000730626 | 2 | 2.05 | Дост: Pk Вид: Ф N: 8705 Дата: 14.10.2008 Дата инв: 21.08.2015 Бележки инв: Д2015 | Книги |
| Изтеглен | Не е изгубен | Universal Decimal Classification | Не е повреден | без рестрикции | заемане за дома | 40967 | Регионална библиотека "Любен Каравелов" Русе | Регионална библиотека "Любен Каравелов" Русе | Детски отдел | 2008-10-17 | Детски отдел | 4.00 | 120000730627 | ДН 372.88/Т 53 | 120000730627 | 3 | 2.05 | Дост: Pk Вид: Ф N: 8705 Дата: 14.10.2008 Дата инв: 21.08.2015 Бележки инв: Д2015 | Книги |
| Изтеглен | Не е изгубен | Universal Decimal Classification | Не е повреден | без рестрикции | заемане за дома | 40968 | Регионална библиотека "Любен Каравелов" Русе | Регионална библиотека "Любен Каравелов" Русе | Детски отдел | 2008-10-17 | Детски отдел | 4.00 | 120000730628 | ДН 372.88/Т 53 | 120000730628 | 4 | 2.05 | Дост: Pk Вид: Ф N: 8705 Дата: 14.10.2008 Дата инв: 21.08.2015 Бележки инв: Д2015 | Книги |